00784nam a2200181 a 450000100100000000500170001000800410002704000250006808200140009310000320010724501240013926001330026330000200039650000420041604900090045895201180046799900170058500002791120200930031208.0110405s1986 cl 000 0 spa d aDO-SdBNPbspacBNPHU axxxbU76m1 aUribe Uribe, Rodolfo95497510aModernización y cambio en sistemas e informática :brealizaciones en informática púlica /cRodolfo Uribe Uribe. aBogotá, (Colombia) :bDepartamento Administrativo de la Presidencia de la República Secretaría de Informática,c[1986?]. a88 p. ;c24 cm. aIncluye notas al pie de las páginas aBNPD 001054708MOaPDbPDcCTd2011-04-05iLF1l0oxxx U76mp27911-10r2020-06-25w2020-06-25y4ZPréstamo en sala c27403d27403